Rolling Stone: 10 Worst Songs of the '70s - Statistics

General Stats
  • This quiz has been taken 38 times
  • The average score is 5 of 10
Answer Stats
# Artist Song % Correct
6 Rupert Holmes Pina Colada Song
81%
1 Rick Dees Disco Duck
68%
7 Terry Jacks Seasons in the Sun
68%
2 Starland Vocal Band Afternoon Delight
65%
10 Minnie Riperton Loving You
65%
4 Debby Boone You Light Up My Life
54%
5 The Captain and Tennille Muskrat Love
46%
3 Paul Anka Having My Baby
38%
8 Bo Donaldson and the Heywoods Billy, Don't Be a Hero
22%
9 Morris Albert Feelings
22%
No matching quizzes found
Score Distribution
Percent of People with Each Score
Percentile by Number Answered
Your Score History
You have not taken this quiz